Biología y Geología 4 [Proyecto Avizor]
Gespeichert in:
| 1. Verfasser: | |
|---|---|
| Weitere Verfasser: | |
| Format: | keine Angabe |
| Sprache: | Spanisch |
| Erschienen: |
Paterna (Valencia)
Ecir, SA
2000
|
| Katalog: | MANES: Suchergebnis im Bibliothekskatalog |
| Schulbuchspezifische Eigenschaften: |
|
| Schlagworte: | |
| Tags: |
Tag hinzufügen
Keine Tags, Fügen Sie den ersten Tag hinzu!
|
| Hinzugefügt zu: | 26.04.2016 |
MARC
| LEADER | 000000000a22000000004500 | ||
|---|---|---|---|
| 001 | 38078 | ||
| 008 | 160427s sp ||||| |||| 00| 0 spa d | ||
| 040 | |a MANES |c manes | ||
| 100 | 1 | |a Carratalá Beguer, S |b Autor | |
| 245 | 0 | 0 | |a Biología y Geología 4 [Proyecto Avizor] |
| 260 | 3 | |a Paterna (Valencia) |b Ecir, SA |c 2000 | |
| 300 | |a 170 |c 26,1 x 21,1 | ||
| 320 | |a Con CD-Rom con actividades y recursos de evaluación (Tres ejemplares) | ||
| 500 | |a Proyecto Avizor | ||
| 546 | |a España | ||
| 650 | 7 | |a Ciencias naturales | |
| 655 | 7 | |a Secundaria | |
| 700 | 1 | |a Furió Egea, J |b Autor |a García Gregorio, M |b Coordinador |a Gregori Montesinos, X |a Sendra Ferrer, R | |
| 942 | |2 ddc |c BK | ||
| 999 | |c 44439 |d 44439 | ||
| 999 | |c manes:44439 |d 44439 | ||